Normal view MARC view
  • Ikhwān al-Muslimūn

Entry Corporate Name

Number of records used in: 2

001 - CONTROL NUMBER

  • control field: 38594

003 - CONTROL NUMBER IDENTIFIER

  • control field: OSt

005 - DATE AND TIME OF LATEST TRANSACTION

  • control field: 20151028120346.0

008 - FIXED-LENGTH DATA ELEMENTS

  • fixed length control field: 151028|| aca||aabn | a|a d

040 ## - CATALOGING SOURCE

  • Original cataloging agency: OSt

110 2# - HEADING--CORPORATE NAME

  • Corporate name or jurisdiction name as entry element: Ikhwān al-Muslimūn

410 2# - SEE FROM TRACING--CORPORATE NAME

  • Corporate name or jurisdiction name as entry element: Jamāʻat al-Ikhwān al-Muslimīn

410 2# - SEE FROM TRACING--CORPORATE NAME

  • Corporate name or jurisdiction name as entry element: Muslim Brotherhood

410 2# - SEE FROM TRACING--CORPORATE NAME

  • Corporate name or jurisdiction name as entry element: Society of the Muslim Brothers

410 2# - SEE FROM TRACING--CORPORATE NAME

  • Corporate name or jurisdiction name as entry element: إخوان المسلمون

410 2# - SEE FROM TRACING--CORPORATE NAME

  • Corporate name or jurisdiction name as entry element: جمعية الإخوان المسلمين

410 2# - SEE FROM TRACING--CORPORATE NAME

  • Corporate name or jurisdiction name as entry element: جماعة الإخوان المسلمين